00915cam a2200205 a 4500001000400000003001000004005001700014008004100031020001800072040002500090080002300115100002400138245030300162260003900465300002000504504002500524650005400549650006400603650004200667199BR-CuiBMT20231213133819.0230829s2022 mgb 000 0 por d a9786555183047 aBR-CuiBMTcBR-CuiBMT 22007a351.712.2.021 aReis, Luciano Elias10aCompras públicas inovadoras :bo desenvolvimento científico, tecnológico e inovativo como perspectiva do desenvolvimento nacional sustentável : de acordo com a nova lei de licitações e o marco regulatório das startups /cLuciano Elias Reis ; Jorge Ulisses Jacoby Fernandes prefácio. aBelo Horizonte :bFórum,cc2022. a446 p. ;c24 cm aInclui bibliografia. aLicitaçãoxInovação tecnológicazBrasil aContrato administrativoxInovação tecnológicazBrasil aDesenvolvimento sustentávelzBrasil